[Event "Caorle op-B"]
[Site "Caorle"]
[Date "1991.07.13"]
[Round "8.45"]
[White "Moratto, Davide"]
[Black "Ferracin, Nicola"]
[Result "1/2-1/2"]
[WhiteElo "1722"]
[BlackElo "1860"]
[PlyCount "55"]
[EventDate "1991.07.05"]
[EventType "swiss"]
[EventRounds "8"]
[EventCountry "ITA"]
[SourceTitle "EXT 2023"]
[Source "ChessBase"]
[SourceDate "2022.10.05"]
[SourceVersion "1"]
[SourceVersionDate "2022.10.05"]
[SourceQuality "1"]

1. e4 c5 2. Nf3 e6 3. d4 cxd4 4. Nxd4 Nf6 5. Nc3 Nc6 6. Bc4 a6 7. a4 Qc7 8. 0-0 Bc5 9. Nxc6 bxc6 10. Re1 0-0 11. Bg5 Qb6 12. Be3 d5 13. Bxc5 Qxc5 14. e5 Qxc4 15. exf6 gxf6 16. a5 e5 17. Ra4 Qc5 18. Rh4 Bf5 19. Qf3 Bxc2 20. Qxf6 Rae8 21. Rxe5 Qxa5 22. g3 Rxe5 23. Qxe5 Qa1+ 24. Kg2 Qxb2 25. Rg4+ Bg6 26. h4 Qb8 27. Qf6 h5 28. Rg5 1/2-1/2

[Event "Caorle op-B"]
[Site "Caorle"]
[Date "1991.07.08"]
[Round "3.17"]
[White "Ferracin, Nicola"]
[Black "Facchetti, Gianni"]
[Result "0-1"]
[WhiteElo "1860"]
[BlackElo "2043"]
[PlyCount "136"]
[EventDate "1991.07.05"]
[EventType "swiss"]
[EventRounds "8"]
[EventCountry "ITA"]
[SourceTitle "EXT 2023"]
[Source "ChessBase"]
[SourceDate "2022.10.05"]
[SourceVersion "1"]
[SourceVersionDate "2022.10.05"]
[SourceQuality "1"]

1. d4 Nf6 2. c4 e5 3. dxe5 Ng4 4. Nf3 Nc6 5. e3 Ngxe5 6. Nbd2 Be7 7. Be2 d6 8. 0-0 0-0 9. b3 Nxf3+ 10. Nxf3 Bf6 11. Rb1 Bf5 12. Bd3 Bg4 13. b4 Ne5 14. Be2 Nd7 15. Bb2 Bxb2 16. Rxb2 a5 17. a3 axb4 18. axb4 Qf6 19. Qd4 Qxd4 20. Nxd4 Bxe2 21. Nxe2 Ne5 22. c5 d5 23. Rd1 c6 24. Nd4 g6 25. Nb3 Nc4 26. Rbb1 Ra2 27. e4 dxe4 28. Rd7 e3 29. fxe3 Nxe3 30. Rxb7 Rxg2+ 31. Kh1 Rd8 32. Re7 Rb2 33. Re1 Nd5 34. Re8+ Rxe8 35. Rxe8+ Kg7 36. Nd4 Nxb4 37. Rc8 Rb1+ 38. Kg2 Rc1 39. Rb8 Na6 40. Rb6 Nxc5 41. Nxc6 Ne6 42. Ne5 Rc5 43. Nf3 g5 44. h4 g4 45. Ne1 h5 46. Rb3 Rd5 47. Kf2 f5 48. Rb6 Nf4 49. Ke3 Ng6 50. Rb7+ Kf6 51. Rb6+ Kf7 52. Rb7+ Ke6 53. Ng2 Re5+ 54. Kd4 Re4+ 55. Kd3 Ne5+ 56. Kd2 f4 57. Rb6+ Kd5 58. Rh6 Nc4+ 59. Kd1 Ne3+ 60. Nxe3+ Rxe3 61. Rxh5+ Ke4 62. Rh8 Kf3 63. h5 g3 64. h6 Re6 65. h7 Re7 66. Rc8 Rxh7 67. Rc3+ Kf2 68. Rc2+ Kf1 0-1

[Event "Caorle op-B"]
[Site "Caorle"]
[Date "1991.07.07"]
[Round "2.8"]
[White "Urukalovic, Roman"]
[Black "Ferracin, Nicola"]
[Result "1-0"]
[WhiteElo "2000"]
[BlackElo "1860"]
[PlyCount "53"]
[EventDate "1991.07.05"]
[EventType "swiss"]
[EventRounds "8"]
[EventCountry "ITA"]
[SourceTitle "EXT 2023"]
[Source "ChessBase"]
[SourceDate "2022.10.05"]
[SourceVersion "1"]
[SourceVersionDate "2022.10.05"]
[SourceQuality "1"]

1. e4 e6 2. d4 d5 3. Nd2 Nf6 4. e5 Nfd7 5. c3 c5 6. Bd3 Nc6 7. Ne2 cxd4 8. cxd4 f6 9. exf6 Nxf6 10. 0-0 Bd6 11. Nf3 0-0 12. Bf4 Ng4 13. Bxd6 Qxd6 14. Ng3 e5 15. dxe5 Ngxe5 16. Nxe5 Nxe5 17. Bc2 Bg4 18. Qd4 Be6 19. Ne4 Qc7 20. Ng5 Ng4 21. Bxh7+ Kh8 22. g3 Qd6 23. f3 Nf6 24. Qh4 Qc5+ 25. Kh1 Qc4 26. f4 Qc6 27. Bf5+ 1-0

[Event "Secondario 15th"]
[Site "Caorle"]
[Date "1990.07.12"]
[Round "6.34"]
[White "Clementini, Lorenzo"]
[Black "Ferracin, Nicola"]
[Result "0-1"]
[WhiteElo "1845"]
[BlackElo "1770"]
[PlyCount "62"]
[EventDate "1990.07.07"]
[EventType "swiss"]
[EventRounds "8"]
[EventCountry "ITA"]
[SourceTitle "EXT 2023"]
[Source "ChessBase"]
[SourceDate "2022.10.05"]
[SourceVersion "1"]
[SourceVersionDate "2022.10.05"]
[SourceQuality "1"]

1. e4 e6 2. d4 d5 3. e5 c5 4. c3 Qb6 5. Nf3 Bd7 6. Na3 h5 7. Bd3 c4 8. Bc2 Bxa3 9. bxa3 a5 10. a4 Na6 11. Ba3 0-0-0 12. Rb1 Qa7 13. Ng5 Nh6 14. Qxh5 f6 15. exf6 gxf6 16. Nh3 e5 17. Be7 Nf5 18. Qf7 Nxe7 19. Qxe7 Rde8 20. Qxf6 exd4+ 21. Kf1 d3 22. Bd1 Rxh3 23. Bf3 Rxf3 24. Qxf3 Qc5 25. Re1 Rxe1+ 26. Kxe1 d4 27. cxd4 Qxd4 28. Qd1 Nc5 29. h4 Ne4 30. Qf3 d2+ 31. Ke2 Nc3+ 0-1

[Event "Secondario 15th"]
[Site "Caorle"]
[Date "1990.07.10"]
[Round "4.14"]
[White "Fajdetic, Hrvoje"]
[Black "Ferracin, Nicola"]
[Result "1-0"]
[WhiteElo "2000"]
[BlackElo "1770"]
[PlyCount "67"]
[EventDate "1990.07.07"]
[EventType "swiss"]
[EventRounds "8"]
[EventCountry "ITA"]
[SourceTitle "EXT 2023"]
[Source "ChessBase"]
[SourceDate "2022.10.05"]
[SourceVersion "1"]
[SourceVersionDate "2022.10.05"]
[SourceQuality "1"]

1. d4 Nf6 2. c4 e6 3. Nc3 d5 4. Bg5 Be7 5. e3 0-0 6. Nf3 Nbd7 7. Rc1 c6 8. Bd3 dxc4 9. Bxc4 Nd5 10. Bxe7 Qxe7 11. 0-0 Nxc3 12. Rxc3 e5 13. dxe5 Nxe5 14. Nxe5 Qxe5 15. f4 Qf5 16. Bd3 Qd5 17. Qc2 Qh5 18. Rc5 f5 19. e4 Be6 20. Re5 Bc8 21. exf5 Qh6 22. f6 Qxf6 23. Bxh7+ Kh8 24. Bg6 Be6 25. Qe2 Qxg6 26. Rxe6 Rfe8 27. f5 Rxe6 28. fxe6 Re8 29. e7 Kg8 30. Qc4+ Kh7 31. h3 Qg5 32. Qe4+ g6 33. Rf7+ Kg8 34. Qe6 1-0